Star Wars: Andor - Name the Characters - Statistics

General Stats
  • This quiz has been taken 41 times
    26 since last reset
  • The average score is 26 of 55
Answer Stats
Character % Correct
Cassian Andor
100%
Mon Mothma
100%
Luthen Rael
90%
Maarva Andor
90%
Syril Karn
90%
Bix Caleen
86%
Dedra Meero
86%
Cinta Kaz
81%
Kleya Marki
81%
Vel Sartha
81%
B2EMO
71%
Brasso
71%
Karis Nemik
71%
Leida Mothma
71%
Saw Gerrera
71%
K-2SO
67%
Kino Loy
67%
Lio Partagaz
67%
Lonni Jung
62%
Perrin Fertha
62%
Ruescott Melshi
62%
Orson Krennic
57%
Tay Kolma
57%
Wilmon Paak
57%
Bail Organa
52%
Eedy Karn
52%
Arvel Skeen
48%
Blevin
43%
Davo Sculdun
43%
Gorn
43%
Salman Paak
38%
Taramyn Barcona
38%
Gorst
33%
Benthic
29%
Erskin Semaj
29%
Heert
29%
Linus Mosk
29%
Ulaf
29%
Carro Rylanz
24%
Davits Draven
24%
Enza Rylanz
24%
Wullf Yularen
24%
Dreena
19%
Exmar Kloris
19%
Runai Sculdun
19%
Stekan Sculdun
19%
Lagret
14%
Vanis Tigo
14%
Corv
10%
Samm
10%
Capso
5%
Dilan
5%
Leeza
5%
Taga
5%
Tazi
5%
No matching quizzes found
Score Distribution
Percent of People with Each Score
Percentile by Number Answered
Your Score History
You have not taken this quiz since the last reset